| 000 | 00524nam a2200205Ia 4500 | ||
|---|---|---|---|
| 005 | 20240823024627.0 | ||
| 008 | 240823s9999||||xx |||||||||||||| ||und|| | ||
| 020 | _a978-81-7319-526-6 | ||
| 041 | _aENGLISH | ||
| 082 | _A620.3 P7 | ||
| 100 | _a"Dukkipati,Rao V" | ||
| 245 | 0 | _aVibrations Problem Solving Companion | |
| 250 | _a1st | ||
| 260 |
_c2007 _bNarosa Publishing House New |
||
| 500 | _aTRANSFERED | ||
| 650 |
_aVibrations _bAerospace Engineering |
||
| 700 | _a Srinivas J | ||
| 942 | _cBK | ||
| 999 |
_c184363 _d184363 |
||